Chamber's seven-figure mathematical tables (Record no. 194630)
[ view plain ]
| 000 -LEADER | |
|---|---|
| fixed length control field | 00662 a2200133 4500 |
| 003 - CONTROL NUMBER IDENTIFIER | |
| control field | Nust |
| 005 - DATE AND TIME OF LATEST TRANSACTION | |
| control field | 20170207154159.0 |
| 040 ## - CATALOGING SOURCE | |
| Transcribing agency | Nust |
| 082 ## - DEWEY DECIMAL CLASSIFICATION NUMBER | |
| Classification number | 510 |
| 245 ## - TITLE STATEMENT | |
| Title | Chamber's seven-figure mathematical tables |
| Statement of responsibility, etc. | compiled by James Pryde |
| 260 ## - PUBLICATION, DISTRIBUTION, ETC. | |
| Place of publication, distribution, etc. | London |
| Name of publisher, distributor, etc. | W & R Chambers |
| Date of publication, distribution, etc. | 1951 |
| 505 ## - FORMATTED CONTENTS NOTE | |
| Formatted contents note | Logarithms of Numbers (Page-2) Reduction of Common to Naperian Logarithms (Page-202) Reduction of Naperian to Common Logarithms (Page-202) Logarithmic Sines Tangents (Page-248) Areas of the Segments of a Circle (Page-249) Natural Tangents (Page-308) Natural Secants (Page-321) Ternary Proportional Logarithms (Page-398) Amplitudes (Page-414) |
| 650 ## - SUBJECT ADDED ENTRY--TOPICAL TERM | |
| Topical term or geographic name entry element | Mathematical tables |
| 942 ## - ADDED ENTRY ELEMENTS (KOHA) | |
| Source of classification or shelving scheme | |
| Koha item type | Book |
| Withdrawn status | Lost status | Source of classification or shelving scheme | Damaged status | Not for loan | Collection code | Permanent Location | Current Location | Date acquired | Total Checkouts | Full call number | Barcode | Date last seen | Price effective from | Koha item type |
|---|---|---|---|---|---|---|---|---|---|---|---|---|---|---|
| Military College of Signals (MCS) | Military College of Signals (MCS) | 12/12/2016 | 510 CHA | MCS24494 | 12/08/2016 | 12/12/2016 | Book |
